000 00432nmm a2200157Ia 4500
008 251105s9999||||xx |||||||||||||||||und||
041 _aspa
100 _aEl Kadaoui, Saïd
245 0 _aLímites y fronteras
264 _a[Madrid, España] :
_bMilenio,
_c2009
300 _a215 páginas
490 _aNarrativa Milenio
650 _aSpanish narrative
856 _uhttps://public.digitaliapublishing.com/a/6394
942 _cCF
999 _c100306
_d100306